000 00491nam a2200181Ia 4500
008 240925s9999 xx 000 0 und d
020 _a9789352861750
082 _a519.535 TAB
100 _aTabachnick, Barbara G.
245 0 _aUsing Multivariate Statistics
250 _a6th
260 _aUttar Pradesh:
_bPearson Education Inc
_c,2018.
300 _a96p.
_bNA
_fOriginal
500 _aIncludes Index
600 _aHumanities & Natural Science
650 _aMathematics
942 _cBK
999 _c14873
_d14873